00622nam a2200193 i 450000500170000000800410001704000250005804100080008308200170009124500810010826000290018930000110021865000290022965000240025865000250028265000240030765000300033171000670036120191224041700.0140310s2002 ne ||||| |||| 00| 0 eng d aCO-BoIAVHcCO-BoIAVH aeng04a615.19bM34m03aEu strategic marketing guide 2000 :bnatural ingredients for pharmaceuticals aRotterdam :bCBI,c2000. a2 vol.14aIndustria farmaceútica26aPlantas medicinales26aPlantas aromáticas26aExtractos vegetales26aCertificación ambiental aCentre for Promotion of Imports from Developing Countries, CBI